00623 2200169 4500245009100000020002200091250001000113100002200123650003500145005001900180260004100199041001400240084001100254500014400265490003500409336000900444 aEnsiklopedia Nabi Muhammad SAW Diantara Para Sahabat Volume 3cZAIDAH KUSUMAWATIhText a978-979-3535-84-5 aCet.1 aZAIDAH KUSUMAWATI aEnsiklopedia Nabi Muhammad SAW a20231124134023 aJakartabPT Ikrar Mandiriabadic2011 aIndonesia a297.03 aDaftar Isi : Mengenal Sahabat Nabi Muhammad SAW, Empat Khalifah Nabi Muhammad SAW, Sepuluh Sahabat Nabi Muhamaad SAW Yang Jamin Masuk Surga aEnsiklopedia Nabi Muhammad SAW atext